Teoretické a praktické problémy konštrukcie regionálnej matice spoločenského účtovníctva

Informácia o zámeroch a cieľoch dizertačnej práce, obhajoba ktorej sa konala dňa 13.9. 2007

Saved in:
Bibliographic Details
Main Author: Macák, Michal
Format: Book Chapter
Language:Slovak
Subjects:
Tags: Add Tag
No Tags, Be the first to tag this record!

MARC

LEADER 00000naa$a2200000$$$4500
001 0075656
005 20240429121619.3
041 0 |a slo 
044 |a SK 
245 1 0 |a Teoretické a praktické problémy konštrukcie regionálnej matice spoločenského účtovníctva  |c Michal Macák 
520 |a Informácia o zámeroch a cieľoch dizertačnej práce, obhajoba ktorej sa konala dňa 13.9. 2007 
610 2 0 |a práce kvalifikačné 
610 2 0 |a modely maticové 
610 2 0 |a účtovníctvo 
100 1 |a Macák, Michal